Top 7 most overrated soccer players - Statistics

General Stats
  • This quiz has been taken 43 times
  • The average score is 2 of 8
Answer Stats
Hint Answer % Correct
Portugal Cristiano Ronaldo
97%
Brazil Neymar
66%
England David Beckham
31%
France Paul Pogba
14%
France Mario Balotelli
11%
Argentina Alejandro Garnacho
9%
Brazil Antony
9%
Italy Donnarauma
6%
No matching quizzes found
Score Distribution
Percent of People with Each Score
Percentile by Number Answered
Your Score History
You have not taken this quiz